| 000 | 00633nam a2200193 i 4500 | ||
|---|---|---|---|
| 001 | 53692 | ||
| 003 | ES-MaACL | ||
| 005 | 20230906162819.0 | ||
| 007 | t| | ||
| 008 | 031107s1896 fr ||||1| fre d | ||
| 100 | 1 |
_aF. J. _948486 |
|
| 245 | 1 | 0 |
_aArpentage, levé des plans, nivellement, tracé des routes / _cpar F. J. |
| 260 |
_aTours : _bMaison A. Mame ; _aParis : _bVve. Ch. Poussielgue, _c[1896?] |
||
| 300 |
_aVIII, 384 p., [7] h. de lám. ; _c18 cm. |
||
| 490 | 1 | _aCours de mathématiques élémentaires | |
| 830 | 0 |
_aCours de mathématiques élémentaires _9182800 |
|
| 852 |
_aES-MaACL _jF-3530 |
||
| 999 |
_c53692 _d53692 |
||